000 00299nam a2200097Ia 4500
008 230331s9999 xx 000 0 und d
020 _a1-9199-3139-2
100 _aLEARNING
_9151611
245 0 _aLEARNING ABOUT CLIMATE CHANGE: AN ENVIRONMENTAL EDUCATION LEARNING RESOURCE FOR EDUCATORS
942 _cBK
_w561
_xJohn Tresidder
_y561
_zJohn Tresidder
999 _c750201
_d750200